23) Skyfall Quiz - Statistics

General Stats
  • This quiz has been taken 348 times
    344 since last reset
  • The average score is 4 of 10
Answer Stats
Question Answer % Correct
What animals are kept in the Macau casino pit? komodo dragons
82%
By what name does Kincade mistakenly greet M? Emma
61%
In his psychological word association test, what does Bond respond to the word "Murder"? "Employment"
53%
What item does 007 retrieve from Patrice in Shanghai? a casino chip
50%
What fruit did Silva's grandmother use to bait rats into an oil drum? coconut
48%
What does Bond tell Q he sees when looking at a Turner painting in the National Gallery? "Bloody big ship"
40%
Which CNN news anchor cameos in the film? Wolf Blitzer
40%
In what year was Silva abandoned to the Chinese government? 1997
24%
When approaching Skyfall by helicopter, Silva blasts the song "Boom Boom" by which band? The Animals
9%
What is the name of the yacht taken by Bond and Severine to Silva’s island? the Chimera
9%
No matching quizzes found
Score Distribution
Percent of People with Each Score
Percentile by Number Answered
Your Score History
You have not taken this quiz since the last reset